MARC

LEADER 00000nam0a2200000 4500
001 335104
005 20231102004724.0
035 |a (RuTPU)RU\TPU\book\361435 
090 |a 335104 
100 |a 20170914d1990 km y0engy50 ba 
101 0 |a eng 
102 |a US 
105 |a a z 001zy 
200 1 |a Ecology 
205 |a Third edition 
210 |a New York  |c W. H. Freeman and Company  |d 1990 
215 |a 896 p.  |c il. 
320 |a Bibliography: p. 827-885 
320 |a Index: p. 887-896 
606 1 |a Экология в целом  |2 stltpush  |3 (RuTPU)RU\TPU\subj\39023  |9 59264 
610 1 |a окружающая среда 
610 1 |a природа 
610 1 |a обитатели 
610 1 |a физическая среда 
610 1 |a климат 
610 1 |a топография 
610 1 |a экосистемы 
610 1 |a население 
610 1 |a эволюция 
610 1 |a сообщества 
610 1 |a английский язык 
675 |a 504  |v 4 
700 1 |a Ricklefs  |b R. E.  |g Robert E. 
801 1 |a RU  |b 63413507  |c 20170914 
801 2 |a RU  |b 63413507  |c 20171023  |g RCR 
942 |c BK